Un rey de quién sabe dónde /

Guardado en:
Autor Principal: Abadi, Ariel
Formato: Libro
Publicado: Buenos Aires : Del Eclipse, 2013
Series:Libros Álbum del Eclipse / Istvan Schritter
Materias:
Etiquetas: Agregar Etiqueta
Sin Etiquetas, Sea el primero en etiquetar este registro!
LEADER 00701nam a22002295a 4500
001 CEM.cems015346
005 20191120160528.0
008 130507s2013##################000#0#####d
003 CEMS
020 |a 9789871580323 
082 0 4 |a A868.4 
100 1 |a Abadi, Ariel 
245 1 0 |a Un rey de quién sabe dónde /  |c Ariel Abadi 
260 |a Buenos Aires :  |b Del Eclipse,  |c 2013 
300 |a 32 p. 
490 0 |a Libros Álbum del Eclipse / Istvan Schritter 
653 |a Literatura 
653 |a Literatura argentina 
653 |a Literatura infantil 
653 |a Cuentos infantiles 
653 |a Colección ciencias de la educación 
859 |a CEMS  |b BIB. CEMS - Ccias. Educacion  |h A868.4  |i Ab14  |k CE  |p 28618.19  |t Ej.1